South Eastern Kenya University

Library Online Public Access Catalogue


Discrete mathematics : (Record no. 10052)

MARC details
000 -LEADER
fixed length control field 00735cam a2200193 i 4500
020 ## - INTERNATIONAL STANDARD BOOK NUMBER
International Standard Book Number 9780495826170 (student edition)
020 ## - INTERNATIONAL STANDARD BOOK NUMBER
International Standard Book Number 0495826170 (student edition)
050 00 - LIBRARY OF CONGRESS CALL NUMBER
Classification number QA39.3
Item number .E648 2011
100 1# - MAIN ENTRY--PERSONAL NAME
Personal name Epp, Susanna S.,
245 10 - TITLE STATEMENT
Title Discrete mathematics :
Remainder of title an introduction to mathematical reasoning /
Statement of responsibility, etc. Susanna S. Epp, DePaul University.
250 ## - EDITION STATEMENT
Edition statement Brief edition.
300 ## - PHYSICAL DESCRIPTION
Extent xvii, 530, A82, I13 pages :
500 ## - GENERAL NOTE
General note Includes index.
650 #0 - SUBJECT ADDED ENTRY--TOPICAL TERM
Form subdivision Textbooks.
856 42 - ELECTRONIC LOCATION AND ACCESS
Uniform Resource Identifier <a href="http://www.loc.gov/catdir/enhancements/fy1303/2010940881-b.html">http://www.loc.gov/catdir/enhancements/fy1303/2010940881-b.html</a>
856 42 - ELECTRONIC LOCATION AND ACCESS
Uniform Resource Identifier <a href="http://www.loc.gov/catdir/enhancements/fy1303/2010940881-d.html">http://www.loc.gov/catdir/enhancements/fy1303/2010940881-d.html</a>
856 41 - ELECTRONIC LOCATION AND ACCESS
Uniform Resource Identifier <a href="http://www.loc.gov/catdir/enhancements/fy1303/2010940881-t.html">http://www.loc.gov/catdir/enhancements/fy1303/2010940881-t.html</a>
942 ## - ADDED ENTRY ELEMENTS (KOHA)
Source of classification or shelving scheme Library of Congress Classification
Koha item type General circulation
Holdings
Withdrawn status Lost status Source of classification or shelving scheme Damaged status Not for loan Home library Current library Shelving location Date acquired Total Checkouts Full call number Barcode Date last seen Price effective from Koha item type
    Library of Congress Classification     Kitui Town Campus Library Kitui Town Campus Library General Stacks 27/01/2016   QA39.3 .E648 2011 2016/013300 27/01/2016 27/01/2016 General circulation
Kitui, Kenya.
+254736116989
library@seku.ac.ke